01756nam a22001937a 450000500170000000800410001702000180005804000070007604100080008308200220009110000210011324500660013426000380020030000260023836500560026452011830032065000290150365000300153220251206123423.0220905b ||||| |||| 00| 0 eng d a9789386392404 cAL aeng 223a820.209bRAML aE V Ramakrishnan aLocating Indian literatureb: texts, traditions, translations aHyderabadbOrient Blackswanc2017 axii,215pbPBc23x15cm 2Englisha3496b620.00c₹d795.00e22%f09-08-2022 aLocating Indian Literature attempts to explore the category of ‘Indian literature’ in relation to emerging discourses of marginality, region, resistance and the role of translation in the making and unmaking of literary traditions. Interrogating theoretical positions that present Indian literature as an essentialist category, it emphasises the pluralistic and performative elements of Indian literatures. In its first section, E.V. Ramakrishnan articulates the project of ‘provincialising “Indian literature”’ and explores the dialogic interfaces between the abstractions of law and the evaluative role of criticism. It also interrogates the claims of history and the reticence of memories, and the dialectics between the dialect and the region. The second section presents readings of Malayalam literary texts that concretise the plurality of literary traditions. The third section argues for a new approach to the study of texts and traditions with translation forming the fulcrum of cultural and political mediations. Interdisciplinary in its approach, the volume will be of relevance to students and scholars in culture studies, social sciences and humanities. aIndian Englsih Criticism aIndian English Literature